LEADER 01077nam a2200277 i 4500 001 991001334829707536 005 20020507191553.0 008 981211s1970 de ||| | eng 035 $ab10833092-39ule_inst 035 $aLE01310674$9ExL 040 $aDip.to Matematica$beng 082 0 $a516.35 084 $aAMS 14-06 084 $aAMS 14L 100 1 $aBorel, Armand$045077 245 10$aSeminar on algebraic groups and related finite groups :$bheld at the Institut for Advanced study, Princeton, 1968-69 /$cA. Borel ... [et al.] 260 $aBerlin :$bSpringer-Verlag,$c1970 300 $a350 p. ;$c24 cm 490 0 $aLecture notes in mathematics,$x0075-8434 ;$v131 650 0$aAlgebraic geometry$xCongresses 907 $a.b10833092$b23-02-17$c28-06-02 912 $a991001334829707536 945 $aLE013 14-XX BOR11 (1970)$g1$i2013000105543$lle013$o-$pE0.00$q-$rl$s- $t0$u2$v0$w2$x0$y.i10942191$z28-06-02 996 $aSeminar on algebraic groups and related finite groups$9923502 997 $aUNISALENTO 998 $ale013$b01-01-98$cm$da $e-$feng$gde $h0$i1 LEADER 01000nam0 22002771i 450 001 UON00394900 005 20231205104630.447 010 $a978-18-469-4431-4 100 $a20110629d2010 |0itac50 ba 101 $aeng 102 $aGB 105 $a|||| ||||| 200 1 $aPost-cinematic affect$fStephen Shaviro 210 $aWinchester$aWashington$c0 Books$d2010 215 $aVII, 191 p.$d22 cm. - 606 $aINTERNET$xAspetti socio-culturali$3UONC065436$2FI 620 $aUS$dWashington$3UONL000087 620 $dWinchester$3UONL002614 700 1$aSHAVIRO$bSteven$3UONV183570$0607681 712 $aZero$3UONV273127$4650 801 $aIT$bSOL$c20240220$gRICA 899 $aSIBA - SISTEMA BIBLIOTECARIO DI ATENEO$2UONSI 912 $aUON00394900 950 $aSIBA - SISTEMA BIBLIOTECARIO DI ATENEO$dSI AME VI c 9 0481 $eSI DA 3927 5 0481 $sBuono 996 $aPost-cinematic affect$91351429 997 $aUNIOR